| 000 | 00743na a2200229 4500 | ||
|---|---|---|---|
| 001 | 19693 | ||
| 003 | MIRAKIL | ||
| 005 | 20181213154731.0 | ||
| 008 | 161226b tu 000 0 | ||
| 020 | _a9789944512831 | ||
| 040 |
_aMilas _btur _cTR-AnCHP |
||
| 041 | _atur | ||
| 082 |
_a372.1561 _bT96 2007 |
||
| 090 | _a372.1561 T96 2007 | ||
| 245 |
_aTürkiye'de okul öncesi eğitim ve ilköğretim sistemi _bTemel sorunlar ve çözüm önerileri _cTürk Eğitim Derneği |
||
| 260 |
_aAnkara _bTürk Eğitim Derneği _c2007 |
||
| 300 |
_axii, 392 s. _btbl. _c25 sm. |
||
| 650 |
_aİlk öğretim _xİlköğretimin organizasyonu _zTürkiye |
||
| 651 |
_aTürkiye _xEğitim _yİlköğretim |
||
| 710 | _aTürk Eğitim Derneği | ||
| 942 |
_2dcc _cBKS |
||
| 999 |
_c36 _d36 |
||